[Event "Children of Asia"]
[Site "?"]
[Date "2016.07.13"]
[Round "9"]
[White "Arfan, Aditya Bagus"]
[Black "Spiridonov, Vladislav"]
[Result "0-1"]
[WhiteElo "1398"]
[BlackElo "1700"]
[PlyCount "100"]

1. d4 Nf6 2. Nf3 e6 3. g3 b6 4. Bg2 d5 5. O-O Bd6 6. c4 O-O 7. Nc3 Ba6 8. Ne5
c6 9. e4 Bxe5 10. dxe5 Nxe4 11. Nxe4 dxe4 12. Qxd8 Rxd8 13. Bg5 Re8 14. b3 Nd7
15. Bxe4 Rac8 16. f4 Nc5 17. Bc2 b5 18. b4 Na4 19. c5 Nc3 20. Bd3 Rc7 21. Rfc1
Nd5 22. a3 Rd7 23. Be4 Bb7 24. a4 a6 25. axb5 axb5 26. Bxd5 exd5 27. Ra3 h6 28.
Bh4 g5 29. fxg5 hxg5 30. Bxg5 Rxe5 31. Bf4 Re4 32. Rb3 Rde7 33. Rc2 Bc8 34. Kf2
Bf5 35. Ra2 d4 36. Rf3 d3 37. Bd6 Re2+ 38. Rxe2 Rxe2+ 39. Kf1 Bh3+ 40. Kg1 d2
41. Rd3 Re1+ 42. Kf2 d1=Q 43. Rxd1 Rxd1 44. Ke3 Rb1 45. Kf3 Rb3+ 46. Kf4 Rxb4+
47. Ke5 Rc4 48. Kf6 b4 49. Ke7 b3 50. Be5 Re4 0-1

[Event "Children of Asia"]
[Site "?"]
[Date "2016.07.13"]
[Round "9"]
[White "Dubinin, Alexsandr"]
[Black "Zakharov, Nikolay"]
[Result "1-0"]
[WhiteElo "2121"]
[BlackElo "2026"]
[PlyCount "87"]

1. e4 c5 2. Nf3 d6 3. d4 cxd4 4. Nxd4 Nf6 5. Nc3 a6 6. h3 e6 7. g4 Be7 8. Bg2
Nfd7 9. O-O O-O 10. Be3 Nc6 11. f4 Qc7 12. g5 Nxd4 13. Qxd4 b5 14. a4 bxa4 15.
f5 Bb7 16. f6 gxf6 17. gxf6 e5 18. Qd2 Nxf6 19. Bh6 Kh8 20. Bxf8 Rxf8 21. Qh6
Qd8 22. Rf5 Rg8 23. Qe3 Rg6 24. Kh2 Qg8 25. Rg1 Nd7 26. Bf1 d5 27. Rxg6 fxg6
28. Rf3 d4 29. Qd2 Bb4 30. Qd1 Nc5 31. Nd5 Bxd5 32. exd5 Qxd5 33. c3 Ba5 34.
Bg2 Qd6 35. cxd4 exd4+ 36. Kg1 Kg7 37. Qf1 Bc7 38. Rf7+ Kg8 39. Qc4 Kh8 40. Qe2
Qe5 41. Qf2 Nd3 42. Qf3 Qe1+ 43. Bf1 Qe5 44. Rxc7 1-0

[Event "Children of Asia"]
[Site "?"]
[Date "2016.07.13"]
[Round "9"]
[White "Herath, Nipuna B B"]
[Black "Bezotechestvo, Konstantin"]
[Result "0-1"]
[WhiteElo "1602"]
[BlackElo "2117"]
[PlyCount "146"]

1. e4 e5 2. Nf3 Nc6 3. Bb5 a6 4. Ba4 Nf6 5. O-O b5 6. Bb3 Bb7 7. Re1 Bc5 8. h3
d6 9. d3 h6 10. c3 O-O 11. Nbd2 Bb6 12. Nf1 Na5 13. Bc2 c5 14. Ne3 Nc6 15. Nf5
Ne7 16. Ng3 Qc7 17. Bd2 Rad8 18. Qc1 Kh7 19. d4 cxd4 20. cxd4 Rc8 21. Bd3 Qb8
22. Qd1 Ng6 23. Be3 Ba5 24. Bd2 Bb6 25. Be3 Ng8 26. Qd2 f6 27. Rac1 N8e7 28. b4
Qa7 29. d5 Bxe3 30. Qxe3 Qxe3 31. fxe3 Nh8 32. Nh4 g6 33. Rf1 Kg7 34. a3 Nf7
35. Kh2 Ng5 36. Kg1 Nh7 37. Kh2 Rfe8 38. Kg1 Nf8 39. Kh2 Nd7 40. Kg1 Nb6 41.
Be2 Rxc1 42. Rxc1 Rc8 43. Rxc8 Nexc8 44. Nf1 Na4 45. Nd2 Ncb6 46. Bd3 Nb2 47.
Be2 f5 48. exf5 g5 49. f6+ Kxf6 50. Ne4+ Ke7 51. Nf5+ Kd7 52. Nf6+ Kc7 53. Ne8+
Kd8 54. Nexd6 Bxd5 55. Nxh6 Kd7 56. Nhf5 N2c4 57. Bxc4 bxc4 58. Nxc4 Nxc4 59.
Kf2 Nxa3 60. g3 Be4 61. Nh6 Nc2 62. Nf7 Nxb4 63. Nxe5+ Ke6 64. Nc4 Nc6 65. g4
Kd5 66. Nd2 a5 67. Kg3 a4 68. h4 gxh4+ 69. Kxh4 Bc2 70. g5 Ne5 71. Kh5 a3 72.
e4+ Ke6 73. g6 Nxg6 0-1

[Event "Children of Asia"]
[Site "?"]
[Date "2016.07.13"]
[Round "9"]
[White "Kalabukhov, Bogdan"]
[Black "Mohammad Fahad, Rahman"]
[Result "1/2-1/2"]
[WhiteElo "2133"]
[BlackElo "2156"]
[PlyCount "127"]

1. d4 Nf6 2. c4 e6 3. g3 c5 4. d5 exd5 5. cxd5 b5 6. Bg2 d6 7. a4 b4 8. Nd2 Be7
9. e4 O-O 10. Ne2 Nbd7 11. O-O Ne5 12. f4 Nd3 13. Nc4 Nxc1 14. Rxc1 Ba6 15. b3
Rb8 16. h3 Nd7 17. g4 Re8 18. g5 Nb6 19. Ne3 Rc8 20. Qd2 Bf8 21. h4 c4 22. Qxb4
cxb3 23. Rfe1 Bxe2 24. Rxc8 Qxc8 25. Rxe2 Qa6 26. Rb2 Nxa4 27. Rxb3 Nc5 28. Ra3
Qe2 29. Qc4 Qe1+ 30. Qf1 Qb4 31. Rxa7 Nxe4 32. Ra1 Qd4 33. Re1 Nc5 34. Qf3 Nd3
35. Re2 Nxf4 36. Re1 Qd2 37. Rf1 Qxe3+ 38. Qxe3 Rxe3 39. Rxf4 g6 40. Re4 Rd3
41. Re8 Rd4 42. Be4 Rd2 43. Bg2 Kg7 44. Kh2 Rd3 45. Kg1 Rd4 46. Be4 Rd2 47. Bg2
Rc2 48. Kh2 Rc3 49. Kg1 Rc4 50. Be4 Rc7 51. Kg2 Re7 52. Rxe7 Bxe7 53. Kf3 h6
54. Kg4 Bd8 55. Bd3 Ba5 56. Be4 Bd2 57. Bd3 Kf8 58. Bb5 Ke7 59. Ba4 f5+ 60.
gxf6+ Kxf6 61. Bc6 Ke5 62. Bb7 Kd4 63. h5 gxh5+ 64. Kxh5 1/2-1/2